000
00300nam a22001097a 4500
999
_c
13629
_d
13629
082
_a
808.84621
100
_a
کیپٹن نذیرالدین خان
245
_a
پہلا پتھر
260
_a
کراچی
_b
نیا ہورائزن پبلیکیشنز
_c
٢٠٠٨
300
_a
٣٨٢ صفحات
942
_c
BK